000 00268 a2200109 4500
001 66240
040 _cAnchieta - Pituba
240 1 0 _aGincana interna Anchieta 2016
_l
245 1 0 _aGincana interna Anchieta 2016
650 4 _aLĂ­nguas espanhola e portuguesa
942 _cMX
999 _c66240
_d66240